| 000 | 00668nam a22001937a 4500 | ||
|---|---|---|---|
| 999 |
_c164911 _d164911 |
||
| 005 | 20190530104812.0 | ||
| 010 | _aUR-10160 | ||
| 020 |
_c200.00 _a9789387539389 |
||
| 035 | _aU-8715 | ||
| 037 | _bDBAD/PUB | ||
| 082 | _a844 | ||
| 100 | _aڈ ا کٹر نکہت جہا ں | ||
| 245 |
_a ر و ح ا د ب _cڈ ا کٹر نکہت جہا ں |
||
| 246 |
_bRooh-e-Adab(Risai Mazameen) (Urdu) _abyDr.Nikhath Jahan |
||
| 260 |
_a Delhi _bEducational Publishing House _c2017 ء |
||
| 270 |
_a3191،Vakil Street,Kucha Pandit,Lal Kuan, _bDelhi _e110006 _k23216162 _l00911123211540 |
||
| 300 |
_a120ص _c22 Cm(B.b) |
||
| 942 |
_2ddc _cUR _h844 _mن ک ہ |
||